|
|
|
|
| LEADER |
00721cam a2200205 7i4500 |
| 001 |
0000006096 |
| 005 |
20210107090000.0 |
| 020 |
|
|
|a 0130417122
|
| 090 |
0 |
0 |
|a RT73
|b .T85 2002
|
| 100 |
1 |
|
|a Twiname, B. Gayle
|
| 245 |
1 |
0 |
|a Student nurse handbook :
|b difficult concepts made easy
|c B. Gayle Twiname, Sandra M. Boyd.
|
| 260 |
|
|
|a Upper Saddle River, N. J.:
|b Prentice Hall,
|c 2002.
|
| 300 |
|
|
|a xi, 397 p.:
|b ill. (some col.);
|c 23 cm.
|
| 504 |
|
|
|a Includes bibliographical references and index
|
| 650 |
0 |
0 |
|a Nursing --
|x Study and teaching
|
| 650 |
0 |
0 |
|a Nursing Care
|
| 650 |
0 |
0 |
|a Nursing students
|
| 700 |
1 |
|
|a Boyd, Sandra M
|
| 997 |
|
|
|a Health Sciences, Faculty
|
| 999 |
|
|
|a 0000004132
|b BOK
|c REFERENCE
|e 2nd Floor, Shah Alam
|